Normal view
MARC view
- التعليم الخاص-المعوقون-بطيئ التعلم
Entry Topical Term
001 - CONTROL NUMBER
- control field: 42870
003 - CONTROL NUMBER IDENTIFIER
- control field: JO-AjAnu
005 - DATE AND TIME OF LATEST TRANSACTION
- control field: 20230606081117.0
008 - FIXED-LENGTH DATA ELEMENTS
- fixed length control field: 230606|| aca||aabn | a|a d
040 ## - CATALOGING SOURCE
- Original cataloging agency: JO-AjAnu
- Transcribing agency: JO-AjAnu
150 ## - HEADING--TOPICAL TERM
- Topical term or geographic name entry element: التعليم الخاص-المعوقون-بطيئ التعلم
670 ## - SOURCE DATA FOUND
- Source citation: Work cat.: (JO-AjAnu)21956: هاريدي،لوكاند مؤلف/ر.رامر م.مشارك/كوسوما م.مشارك/سالم،محمود عوض الله مترجم/الشحات،محمد مجدي مترجم/إسماعيل،محمد يونس مراجع, author 42869, بطيئو التعلم خصائصهم النفسية وتعليمهم